书目信息 |
| 题名: |
外国舞蹈史及作品鉴赏
|
|
| 作者: | 欧建平 著 | |
| 分册: | ||
| 出版信息: | 北京 高等教育出版社 2015 |
|
| 页数: | 346页 | |
| 开本: | 23cm | |
| 丛书名: | ||
| 单 册: | ||
| 中图分类: | J709.1 , J705.1 | |
| 科图分类: | ||
| 主题词: | 舞蹈史--国外--高等学校--教材 , 舞蹈艺术--鉴赏--国外--高等学校--教材 | |
| 电子资源: | ||
| ISBN: | 978-7-04-019336-7 | |
| 000 | 01141nam0 2200289 450 | |
| 001 | 338272 | |
| 005 | 20150601150129.00 | |
| 010 | @a978-7-04-019336-7@dCNY49.00 | |
| 100 | @a20081007d2008 em y0chiy50 ea | |
| 101 | 0 | @achi@deng@eeng |
| 102 | @aCN@b110000 | |
| 105 | @aa z 000yy | |
| 106 | @ar | |
| 200 | 1 | @a外国舞蹈史及作品鉴赏@Awai guo wu dao shi ji zuo pin jian shang@d= The history and appreciation of foreign dances@f欧建平著@zeng |
| 210 | @a北京@c高等教育出版社@d2015 | |
| 215 | @a346页@c图@d23cm@e光盘1片 | |
| 300 | @a普通高等教育“十五”国家级规划教材 | |
| 307 | @a附光盘:ISBN 978-7-89489-688-9 | |
| 330 | @a本书以各个历史时期有重要地位的舞蹈作品、舞蹈家及舞蹈体裁、舞蹈文化和美学思想为主要内容, 系统、全面地介绍了外国舞蹈的发展轨迹;同时从审美文化角度出发, 阐述舞蹈的艺术语言、内容与形式等。 | |
| 510 | 1 | @aHistory and appreciation of foreign dances@zeng |
| 606 | 0 | @a舞蹈史@x国外@x高等学校@j教材 |
| 606 | 0 | @a舞蹈艺术@x鉴赏@x国外@x高等学校@j教材 |
| 690 | @aJ709.1@v5 | |
| 690 | @aJ705.1@v5 | |
| 701 | 0 | @a欧建平@Aou jian ping@f(1956.5)@4著 |
| 801 | 0 | @aCN@b卓展宏图@c20150525 |
| 905 | @dJ709.1@e136@f4 | |
| 外国舞蹈史及作品鉴赏= The history and appreciation of foreign dances/欧建平著.-北京:高等教育出版社,2015 |
| 346页:图;23cm+光盘1片 |
| 普通高等教育“十五”国家级规划教材 |
| ISBN 978-7-04-019336-7:CNY49.00 |
| 本书以各个历史时期有重要地位的舞蹈作品、舞蹈家及舞蹈体裁、舞蹈文化和美学思想为主要内容, 系统、全面地介绍了外国舞蹈的发展轨迹;同时从审美文化角度出发, 阐述舞蹈的艺术语言、内容与形式等。 |
| ● |
| 相关链接 |
|
|
|
|
正题名:外国舞蹈史及作品鉴赏
索取号:J709.1/136
 
预约/预借
| 序号 | 登录号 | 条形码 | 馆藏地/架位号 | 状态 | 备注 |
| 1 | 861519 | 208615195 | 第一样本阅览室/ [索取号:J709.1/136] | 在馆 | |
| 2 | 861520 | 208615202 | 第一借阅区/ [索取号:J709.1/136] | 在馆 | |
| 3 | 861521 | 208615211 | 第一借阅区/ [索取号:J709.1/136] | 在馆 | |
| 4 | 861522 | 208615220 | 密集书库-音乐系/ [索取号:J709.1/136] | 在馆 |